• 首页
  • 本馆介绍
  • 公告通知
  • 最新文献
  • 馆藏检索
  • 电子资源
  • 读者导购
  • 参考咨询
  • 我的图书馆
  • 登录
  • 详细信息显示
  • 放入我的书架
  • 预约/预借图书
  • 作者相关作品
  • 分类相关作品
  • 丛书相关作品
  • 出版社相关作品

书目信息

  • 表格格式
  • 工作单格式
  • 卡片格式
书名: 广辞苑
作者: 新村出著.
分册号:
分册名:
出版地: 东京 :
 
出版社: 株式会社岩波书店
出版时间: 昭和五三年.
页数: 2448 p. ;
开本: 20cm.
丛书名:
中图分类号:
科图分类号:
其他分类号: H36-62
主题词:
电子资源:
000 00433nam 2200181 a 4500
001 E0737846748
005 20070729103345.07
008 070729s昭和 00010 eng
040    @aPFT@bchi
041    @achi@hjpn
090    @aH36-62
099    @dH36-62@ex60=2
245 1  @a广辞苑 / @c新村出著.
250    @a2nd ed.
260    @a东京 :@b株式会社岩波书店,@c昭和五三年.
300    @a2448 p. ;@c20cm.
650    @a工具书
700    @a新村出著
    
    广辞苑 / / 新村出著.-2nd ed.-东京 : : 株式会社岩波书店, , 昭和五三年.
    2448 p. ; ; 20cm.
    
    
    ISBN
    
●
相关链接 在E读中查询图书 在五车中查询图书 在当当中查询图书 在豆瓣中查询图书


正题名:广辞苑     索取号:H36-62/x60=2         预约/预借

序号 登录号 条形码 馆藏地/架位号 状态 备注
1 14594   300145947   第二样本阅览室/ [索取号:H36-62/x60=2] 在馆    
唐山师范学院图书馆 欢迎您!
大连网信软件有限公司© 版权所有